000 00216nam a2200121Ia 4500
100 _a#N/A
650 _aComputer/ IT
942 _cBK
654 _aplay
245 _aPlay 2142
260 _b#N/A
546 _aENGLISH
999 _c31769
_d31769